| 000 -LEADER |
| fixed length control field |
00470pab a2200169 454500 |
| 008 - FIXED-LENGTH DATA ELEMENTS--GENERAL INFORMATION |
| fixed length control field |
180718b1998 xxu||||| |||| 00| 0 eng d |
| 100 ## - MAIN ENTRY--PERSONAL NAME |
| Personal name |
Guha-Khasnobis, Basudeb |
| 245 ## - TITLE STATEMENT |
| Title |
Risk premium in the Indian foreign exchange market |
| 260 ## - PUBLICATION, DISTRIBUTION, ETC. |
| Date of publication, distribution, etc. |
1998 |
| 300 ## - PHYSICAL DESCRIPTION |
| Extent |
p.19-29 |
| 362 ## - DATES OF PUBLICATION AND/OR SEQUENTIAL DESIGNATION |
| Dates of publication and/or sequential designation |
Jan |
| 650 ## - SUBJECT ADDED ENTRY--TOPICAL TERM |
| Topical term or geographic name entry element |
Foreign exchange - India |
| 650 ## - SUBJECT ADDED ENTRY--TOPICAL TERM |
| Topical term or geographic name entry element |
Foreign exchange |
| 700 ## - ADDED ENTRY--PERSONAL NAME |
| Personal name |
Dash, Shridhar K. |
| 773 ## - HOST ITEM ENTRY |
| Main entry heading |
International Journal of Development Banking |
| 909 ## - |
| -- |
39692 |